Μελέτη οπτοηλεκτρονικών διατάξεων για νέας γενιάς μνήμες Η πτυχιακή εργασία
Σε αυτό το έγγραφο, συζητάμε τις θεμελιώδεις αρχές της αποθήκευσης στοιχείων ζητημάτων σε ολογραφικές αποθήκες δεδομένων: σχηματισμός, καταγραφή και ανάγνωση κιγκλιδωμάτων των παχιών και λεπτών ολογραμμάτων, πολυπλεκτικές τεχνικες, το λόγο του σήματος προς τον θόρυβο, συμβατικές τεχνικές ανάγνωσης,...
Αποθηκεύτηκε σε:
| Κύριος συγγραφέας: | |
|---|---|
| Συγγραφή απο Οργανισμό/Αρχή: | |
| Άλλοι συγγραφείς: | |
| Μορφή: | Thesis Βιβλίο |
| Γλώσσα: | Greek |
| Δημοσίευση: |
2010.
|
| Θέματα: | |
| Διαθέσιμο Online: | http://hdl.handle.net/11610/8669 |
| Ετικέτες: |
Προσθήκη ετικέτας
Δεν υπάρχουν, Καταχωρήστε ετικέτα πρώτοι!
|
MARC
| LEADER | 00000cam a2200000 i 4500 | ||
|---|---|---|---|
| 001 | 1/11088 | ||
| 008 | 101130s2010 gr | ||| |||| ||gre|| | ||
| 035 | |l 10109278 | ||
| 040 | |a GR-MyUA |b gre |e AACR2 | ||
| 041 | 0 | |a gre | |
| 082 | 0 | |a 621.39767 |2 (22) | |
| 100 | 1 | |a Αρβανιτάκης, Αντώνιος. | |
| 245 | 1 | 0 | |a Μελέτη οπτοηλεκτρονικών διατάξεων για νέας γενιάς μνήμες Η/Υ : |b πτυχιακή εργασία / |c Αντώνιος Αρβανιτάκης, Κωνσταντίνος Τριάντης ; επιβλέπων καθηγητής Νίκος Κονοφάος. |
| 260 | |c 2010. | ||
| 300 | |a 94 σ. : |b σχέδια ; |c 30 εκ. | ||
| 502 | |a Πτυχιακή εργασία – Πανεπιστήμιο Αιγαίου, Σάμος, 2010. | ||
| 504 | |a Βιβλιογραφία: σ. 92-93. | ||
| 506 | 0 | |a Διάθεση πλήρους κειμένου - Ελεύθερη πρόσβαση. | |
| 520 | |a Σε αυτό το έγγραφο, συζητάμε τις θεμελιώδεις αρχές της αποθήκευσης στοιχείων ζητημάτων σε ολογραφικές αποθήκες δεδομένων: σχηματισμός, καταγραφή και ανάγνωση κιγκλιδωμάτων των παχιών και λεπτών ολογραμμάτων, πολυπλεκτικές τεχνικες, το λόγο του σήματος προς τον θόρυβο, συμβατικές τεχνικές ανάγνωσης, συζηγή φάση, και τη συσχετιζόμενη αναζήτηση ανάκτησης στοιχείων . Έπειτα, εξετάζουμε τα ολογραφικά χαρακτηριστικά υλικών για την αποθήκευση ψηφιακών στοιχείων, που ακολουθείται από μια συζήτηση σχετικά με τα φωτοανακλαστικά μέσα, τις τεχνικές που ακολουθούνται, και το θόρυβο στα φωτοβολταϊκά και άλλα μέσα με μια τοπική ανταπόκριση. Στη συνέχεια, συζητάμε για τα φωτοπολυμερή υλικά και ακολουθεί μια συζήτηση σχετικά με τις ανταλλαγές συστημάτων και ένα τμήμα επεξεργασίας σήματος και τις τεχνικές κωδικοποίησης και αποκωδικοποίησης, που επιτυγχάνεται μέσα από μία συζήτηση ηλεκτρονικών υλοποιήσεων και ελέγχων,κωδικοποίησης σήματος και ανάκτησης. Προχωράμε περαιτέρω με την παρουσίαση των σημαντικών επιδείξεων των ψηφιακών ολογραφικών συστημάτων. Κλείνουμε με τη συζήτηση της προοπτικής για τα μελλοντικά ολογραφικά συστήματα αποθήκευσης στοιχείων και τις πιθανές εφαρμογές για τα οποία τα ολογραφικά συστήματα αποθήκευσης στοιχείων θα ταιρίαζαν ιδιαίτερα. | ||
| 610 | 2 | 0 | |a University of the Aegean |x Dissertations. |
| 650 | 0 | 0 | |a Optical data storage. |
| 650 | 0 | 0 | |a Holography. |
| 650 | 0 | 0 | |a Holographic storage devices. |
| 650 | 0 | 0 | |a Dissertations, Academic |z Greece. |
| 700 | 1 | |a Τριάντης, Κωνσταντίνος, |e dis | |
| 700 | 1 | |a Κονοφάος, Νικόλαος, |e dgs | |
| 710 | 2 | |a Πανεπιστήμιο Αιγαίου. |b Σχολή Θετικών Επιστημών. |b Τμήμα Μηχανικών Πληροφοριακών και Επικοινωνιακών Συστημάτων. | |
| 852 | |a INST |b SAMOS |c DIATR |e 20101130 |h 621.39767 ΑΡΒ |p 005300033145 |q 005300033145 |t DIE |y 23 | ||
| 852 | |a INST |b SAMOS |c DIATR |e 20101130 |h 621.39767 ΑΡΒ |p 005300033146 |q 005300033146 |t DIE |y 23 | ||
| 856 | |u http://hdl.handle.net/11610/8669 | ||
| 901 | |a BIBL3-2010-3 | ||
| 909 | |a Σ |b 166190 | ||
| 909 | |a Σ |b 166191 | ||
| 924 | |a ΑΡΒΑΝΙΤΑΚΗΣ |b ΑΝΤΩΝΙΟΣ |y Σάμος |z 2010-11 | ||
| 970 | |a ΚΟΣΙΕΡΗΣ |b ΧΡΗΣΤΟΣ |z 2010/11/30 | ||